[Event "9th Sunway Sitges 2022"]
[Site "Sitges ESP"]
[Date "2022.12.20"]
[Round "8.88"]
[White "Krastev, Alexander"]
[Black "Stewart, Ashley"]
[Result "1/2-1/2"]
[WhiteTitle "IM"]
[WhiteElo "2416"]
[BlackElo "2090"]
[WhiteFideId "12989983"]
[BlackFideId "419001"]
[EventDate "2022.12.12"]

1. e4 c5 2. Nf3 d6 3. Nc3 Nc6 4. d4 cxd4 5. Nxd4 g6 6. Be2 Bg7 7. Nb3 Nf6 8. O-O
O-O 9. Bg5 a6 10. Re1 b5 11. Bf1 h6 12. Bh4 Bb7 13. Qd2 g5 14. Bg3 Nh5 15. Rad1
Rc8 16. a3 Re8 17. Qe2 Nxg3 18. hxg3 e6 19. Qh5 Qe7 20. Re3 Red8 21. Bd3 Ba8 22.
Nd2 Ne5 23. Nf3 Qf6 24. Nxe5 dxe5 25. a4 b4 26. Nb1 Bf8 27. Nd2 Qg6 28. Qxg6+
fxg6 29. g4 Kg7 30. b3 Bc5 31. Re2 Bd4 32. g3 Bb7 33. Kg2 Rc7 34. Nc4 Rf7 35.
Na5 Rd6 36. Nc4 Rd8 37. Rf1 h5 38. Rh1 hxg4 39. Rh2 Rdf8 40. Kg1 Rf3 41. Rg2 Rd8
42. Na5 Rd7 43. Nxb7 Rxb7 44. Bxa6 Rb8 45. Bc4 Rf6 46. Rd2 Rbf8 47. Rh2 Rf3 48.
Bxe6 Rxg3+ 49. Rg2 Rh3 50. Bxg4 Rh4 51. Kf1 Rh1+ 52. Ke2 Rf7 53. f3 Rc1 54. Be6
Rc7 55. Bc4 Bc3 56. Rd1 Rxc2+ 57. Kf1 Rxg2 58. Kxg2 Bd4 59. a5 Rc5 60. a6 Ra5
61. Rd2 Ra1 62. Rc2 Bc3 63. Kf2 Kf6 64. Ke3 Re1+ 65. Kd3 Rd1+ 66. Ke3 Re1+ 67.
Be2 Ra1 68. Bb5 Ra5 69. Bc4 Ra1 70. Rh2 Kg7 71. Rc2 Re1+ 72. Be2 Ra1 73. Bb5 Ra5
74. Bc4 Bd4+ 75. Kd3 Kf6 76. Rh2 Kg7 77. Rh1 Ra2 78. Bb5 Rf2 79. Rh3 Rb2 80. Ba4
g4 81. fxg4 Rg2 82. Kc4 Rxg4 83. Bc6 Rg1 84. Kxb4 g5 85. Rd3 Ra1 86. Ba4 Rc1 87.
a7 Rc8 88. Kb5 Ra8 89. Kc4 Rxa7 90. Bc6 Kf6 91. b4 g4 92. b5 1/2-1/2

[Event "9th Sunway Sitges 2022"]
[Site "Sitges ESP"]
[Date "2022.12.20"]
[Round "8.89"]
[White "Hapala, Elisabeth"]
[Black "Gong, Qianyun"]
[Result "0-1"]
[WhiteTitle "WFM"]
[BlackTitle "WGM"]
[WhiteElo "2075"]
[BlackElo "2299"]
[WhiteFideId "1622080"]
[BlackFideId "8602425"]
[EventDate "2022.12.12"]

1. e4 c6 2. d4 d5 3. Nc3 dxe4 4. Nxe4 Nf6 5. Nxf6+ exf6 6. Bd3 Qxd4 7. Nf3 Qd6
8. O-O Be6 9. Re1 Nd7 10. Re4 g5 11. Be3 O-O-O 12. Bxa7 c5 13. b4 cxb4 14. c3
bxc3 15. Rc1 Qc7 16. Nd4 Nb8 17. Nb5 Qa5 18. Rxc3+ Nc6 19. Rxe6 Qxb5 20. Qc2
Rxd3 21. Rcxc6+ Kd7 22. Rc7+ Kxe6 23. Qe2+ Kf5 24. g4+ Kg6 25. Qc2 Bg7 26. Rc5
Qd7 0-1

[Event "9th Sunway Sitges 2022"]
[Site "Sitges ESP"]
[Date "2022.12.20"]
[Round "8.90"]
[White "Raghav, Srivathsav V"]
[Black "Torngren, Gustav"]
[Result "0-1"]
[BlackTitle "FM"]
[WhiteElo "2059"]
[BlackElo "2275"]
[WhiteFideId "5073316"]
[BlackFideId "1728970"]
[EventDate "2022.12.12"]

1. b3 e5 2. Bb2 Nc6 3. e4 Nf6 4. d3 Bc5 5. Nd2 d6 6. h3 a5 7. a3 O-O 8. Ngf3 Re8
9. g3 d5 10. Bg2 dxe4 11. Nxe4 Nxe4 12. dxe4 Qe7 13. O-O f6 14. Qe2 b6 15. Rfd1
Ba6 16. c4 Rad8 17. Nh4 g6 18. Nf3 Rxd1+ 19. Qxd1 Rd8 20. Qc2 Qd7 21. Bf1 Bd4
22. Nxd4 Nxd4 23. Qd1 Bb7 24. Bg2 Ne6 25. Qe2 Qd3 26. Qg4 Kf7 27. Qh4 Qxb3 28.
Qxh7+ Ng7 29. Bc1 Qc3 30. Bh6 Qxa1+ 31. Kh2 Rg8 32. f4 Qb2 33. Kh1 Qb1+ 34. Kh2
Bxe4 0-1

[Event "9th Sunway Sitges 2022"]
[Site "Sitges ESP"]
[Date "2022.12.20"]
[Round "8.91"]
[White "Rodriguez Redondo, Adhara"]
[Black "Domene Mulyukov, Alexander"]
[Result "1-0"]
[WhiteTitle "WFM"]
[BlackTitle "FM"]
[WhiteElo "2057"]
[BlackElo "2271"]
[WhiteFideId "32065698"]
[BlackFideId "24589802"]
[EventDate "2022.12.12"]

1. e4 c5 2. Nf3 e6 3. d4 cxd4 4. Nxd4 Nf6 5. Nc3 Nc6 6. Ndb5 Bc5 7. Bf4 O-O 8.
Bc7 Qe7 9. Bd6 Bxd6 10. Qxd6 Qd8 11. O-O-O a6 12. Nd4 Na5 13. f3 b5 14. h4 Nb7
15. Qb4 Qc7 16. g4 d6 17. h5 Bd7 18. g5 Ne8 19. Nce2 a5 20. Qd2 b4 21. Bh3 Nc5
22. Kb1 Qb7 23. Nc1 Nc7 24. Nd3 Na4 25. Ka1 Nb6 26. Qh2 Nc4 27. b3 Na3 28. Qxd6
Bb5 29. Nc5 Qa7 30. g6 a4 31. gxf7+ Rxf7 32. Rd2 Bc4 33. Bxe6 Nxe6 34. Ndxe6
axb3 35. cxb3 Bxe6 36. Nxe6 Rc8 37. Qd8+ Rf8 38. Qd5 Rf6 39. e5 Qe3 40. Nc5+ Kh8
41. Rd3 Qf4 42. Rhd1 Rff8 43. Kb2 Qh2+ 44. R3d2 Qxh5 45. Na6 Qh4 46. Qe4 Qe7 47.
f4 g5 48. Qxb4 Nc4+ 49. bxc4 Rb8 50. Qxb8 Rxb8+ 51. Nxb8 Qb4+ 52. Ka1 Qc3+ 53.
Kb1 Qb4+ 54. Rb2 Qxc4 55. fxg5 Qe4+ 56. Ka1 Qxe5 57. Rg1 Qc5 58. Rgg2 Qc1+ 59.
Rb1 Qc3+ 60. Rgb2 Kg7 61. Nd7 Qd4 62. Nb6 Kg6 63. a4 Kxg5 64. Ka2 h5 65. Rb4
Qf2+ 66. R1b2 Qf7+ 67. R4b3 h4 68. Rg2+ Kh5 69. Rb2 Kg4 70. a5 Qa7 71. Ra3 Qf7+
72. Rab3 Qa7 73. Nc4 Qc5 74. Rb4 h3 75. Nd2+ 1-0

[Event "9th Sunway Sitges 2022"]
[Site "Sitges ESP"]
[Date "2022.12.20"]
[Round "8.92"]
[White "Ruiz Buendia, Miguel"]
[Black "Salinas Tomas, Daniel"]
[Result "1-0"]
[WhiteTitle "FM"]
[WhiteElo "2257"]
[BlackElo "2089"]
[WhiteFideId "24537675"]
[BlackFideId "24597716"]
[EventDate "2022.12.12"]

1. e4 c5 2. Nf3 e6 3. d4 cxd4 4. Nxd4 Nf6 5. Nc3 Nc6 6. Ndb5 d6 7. Bf4 e5 8. Bg5
a6 9. Na3 b5 10. Nd5 Be7 11. Bxf6 Bxf6 12. c3 Ne7 13. Nc2 Bb7 14. Nce3 Nxd5 15.
Nxd5 O-O 16. a4 b4 17. cxb4 Bxd5 18. Qxd5 Qb6 19. b5 axb5 20. Bxb5 Qa5+ 21. Ke2
Qb4 22. b3 Rac8 23. Rhc1 Rc5 24. Rxc5 dxc5 25. Rd1 h5 26. Qc4 Qa3 27. Rd7 Qb2+
28. Rd2 Qa3 29. Bc6 Rb8 30. Bd5 Rb4 31. Qa6 Rd4 32. Qc8+ Kh7 33. Qf5+ Kg8 34.
Qc8+ Kh7 35. Qf5+ Kg8 36. Rxd4 cxd4 37. Qc8+ Kh7 38. Bxf7 Qb2+ 39. Kf3 Qc3+ 40.
Qxc3 dxc3 41. Ke2 1-0

[Event "9th Sunway Sitges 2022"]
[Site "Sitges ESP"]
[Date "2022.12.20"]
[Round "8.93"]
[White "Frederic, Clement"]
[Black "Galvan Cipriani, Viviana"]
[Result "1-0"]
[BlackTitle "WFM"]
[WhiteElo "2245"]
[BlackElo "2088"]
[WhiteFideId "637319"]
[BlackFideId "32041144"]
[EventDate "2022.12.12"]

1. e4 c5 2. Nf3 Nc6 3. Bb5 e6 4. Bxc6 bxc6 5. d3 d6 6. e5 Rb8 7. exd6 Bxd6 8.
Nbd2 Ne7 9. Nc4 O-O 10. O-O Nd5 11. Re1 f6 12. Nfd2 Be7 13. Nb3 e5 14. Be3 Nxe3
15. Rxe3 Be6 16. Qe1 Re8 17. Qa5 Bxc4 18. Qxd8 Bxd8 19. dxc4 Rb4 20. c3 Rxc4 21.
g3 Be7 22. a4 Rg4 23. h3 Rg6 24. Na5 Rc8 25. Rd1 Rc7 26. Red3 f5 27. Rd7 Rxd7
28. Rxd7 Kf7 29. Nc4 Re6 30. Rxa7 g6 31. a5 Ke8 32. a6 Kd8 33. Rb7 Kc8 34. Nb6+
Kd8 35. a7 1-0

[Event "9th Sunway Sitges 2022"]
[Site "Sitges ESP"]
[Date "2022.12.20"]
[Round "8.94"]
[White "Lye, Lik Zang"]
[Black "Maloberti, David"]
[Result "1/2-1/2"]
[WhiteTitle "FM"]
[WhiteElo "2241"]
[BlackElo "2050"]
[WhiteFideId "5712181"]
[BlackFideId "620149"]
[EventDate "2022.12.12"]

1. d4 Nf6 2. c4 g6 3. f3 Bg7 4. e4 d6 5. Nc3 O-O 6. Nge2 c5 7. d5 e6 8. Ng3 exd5
9. cxd5 a6 10. a4 Ne8 11. Be2 Nd7 12. Bf4 Ne5 13. Qd2 Bd7 14. Bh6 Nc7 15. Bxg7
Kxg7 16. f4 Ng4 17. Bxg4 Bxg4 18. O-O Bd7 19. e5 f5 20. Rfe1 Be8 21. a5 Bb5 22.
Rab1 Ne8 23. b4 cxb4 24. Rxb4 Qxa5 25. Qb2 Kg8 26. Kh1 Nc7 27. exd6 Ne8 28. Ra1
Qd8 29. Nxb5 axb5 30. Rxa8 Qxa8 31. d7 Nd6 32. Qe5 Nf7 33. Qe1 Rd8 34. Rxb5 Rxd7
35. h3 Qd8 36. Qd1 Nd6 37. Rb3 Re7 38. Qd4 Re1+ 39. Kh2 Qe7 40. Ra3 Qg7 41. Qb4
Qe7 42. Ra8+ Kg7 43. Qd4+ Kh6 44. Qh8 Ne8 45. Rxe8 Qxe8 46. Nxf5+ gxf5 47. Qf6+
Qg6 48. Qh4+ Kg7 49. Qxe1 Qd6 50. Qc3+ Kf7 51. Qd4 b5 52. Kg3 b4 53. Qa7+ Qe7
54. Qb6 Qe1+ 55. Kh2 Qe4 56. Qc7+ Ke8 57. Qc8+ Ke7 58. Qc7+ Ke8 59. Qb8+ Ke7 60.
Qb7+ Ke8 61. Qc6+ Ke7 62. Qc7+ Ke8 1/2-1/2

[Event "9th Sunway Sitges 2022"]
[Site "Sitges ESP"]
[Date "2022.12.20"]
[Round "8.95"]
[White "Coles, Robin"]
[Black "Arjun, C Krishnamachari"]
[Result "0-1"]
[WhiteElo "2051"]
[BlackElo "2241"]
[WhiteFideId "551017814"]
[BlackFideId "46653252"]
[EventDate "2022.12.12"]

1. e4 e5 2. Nf3 Nc6 3. Bb5 Nge7 4. O-O g6 5. c3 Bg7 6. d4 O-O 7. d5 a6 8. Bc4
Na5 9. Be2 b6 10. b4 Nb7 11. c4 a5 12. Bb2 d6 13. a3 f5 14. Nfd2 c5 15. Qb3 axb4
16. axb4 Rxa1 17. Bxa1 cxb4 18. Qxb4 Nc5 19. Bd3 Bh6 20. Qc3 Qc7 21. f4 Bg7 22.
Qc2 fxe4 23. fxe5 Rxf1+ 24. Bxf1 dxe5 25. Nxe4 Bf5 26. Bd3 Nxe4 27. Bxe4 Qc5+
28. Kf1 Kf8 29. Nd2 Nxd5 30. cxd5 Qxc2 31. Bxc2 Bxc2 32. Ke2 b5 33. Nf3 Be4 34.
Nxe5 Bxd5 35. g3 Ke8 36. Bc3 Be6 37. Kd1 Bf8 38. Nc6 Kd7 39. Nb4 Kd6 40. Nd3 Kc6
41. Kc1 Bf5 42. Ne5+ Kd5 43. Nf3 Kc4 44. Bf6 Ba3+ 45. Kd2 b4 46. Ke3 b3 47. Nd2+
Kb4 48. Nxb3 Kxb3 49. Kf3 h5 50. h4 Kc4 51. Be5 Kd3 52. Bf4 Bc5 53. Kg2 Ke2 54.
Bc7 Bg4 55. Bb8 Bf3+ 56. Kh2 Kf1 0-1

[Event "9th Sunway Sitges 2022"]
[Site "Sitges ESP"]
[Date "2022.12.20"]
[Round "8.96"]
[White "Gulatz, Maurice"]
[Black "Moracchini, Margaux"]
[Result "1/2-1/2"]
[WhiteTitle "CM"]
[WhiteElo "2227"]
[BlackElo "2046"]
[WhiteFideId "24642746"]
[BlackFideId "36018198"]
[EventDate "2022.12.12"]

1. e4 e5 2. Nf3 d6 3. Bb5+ Nd7 4. a4 a6 5. Be2 Ngf6 6. Nc3 g6 7. O-O Bg7 8. a5
b5 9. axb6 c5 10. d3 O-O 11. Nd2 Nxb6 12. Nc4 Bb7 13. Na5 Qc7 14. f4 Nfd7 15.
Kh1 Rab8 16. Nxb7 Qxb7 17. Ra2 Bh6 18. Bg4 exf4 19. Bxd7 Qxd7 20. Rxa6 Qc8 21.
Ra7 g5 22. Qh5 Qe6 23. h4 Qg6 24. Qxg6+ fxg6 25. hxg5 Bxg5 26. g3 Ra8 27. Rb7
Ra1 28. gxf4 Bxf4 29. Rxb6 Rxc1 30. Rxc1 Bxc1 31. Kg2 Bf4 32. Nd5 Be5 33. b4
cxb4 34. Rxb4 h5 35. d4 Bg7 36. c3 Kh7 37. Rb7 Kh6 38. Rd7 Re8 39. Kf3 Re6 40.
Rd8 Kg5 41. Rg8 Kh6 42. Ke3 Kh7 43. Ra8 Bh6+ 44. Kd3 h4 45. c4 h3 46. Ra7+ Bg7
47. Ra2 g5 48. Ne3 Rh6 49. Rh2 Bf8 50. Nf5 Rh5 51. Ke3 Kg6 52. Kf3 Rh7 53. Kg4
Rc7 54. Rxh3 Rxc4 55. Rh5 Rc1 56. Rxg5+ Kf6 57. Rh5 Rg1+ 58. Kf4 Rf1+ 59. Ke3
Re1+ 60. Kd3 Rc1 61. Rh8 Kf7 62. Rh7+ Ke6 63. Ne3 Ra1 64. Nc4 d5 65. exd5+ Kxd5
66. Ne3+ Ke6 67. Ke4 Ra4 68. Rb7 Bc5 69. Nf5 Bxd4 70. Nxd4+ Kf6 71. Rb5 Kg6 72.
Ke5 Kg5 73. Nf5 Kg4 74. Rb1 Ra5+ 75. Ke4 Ra4+ 76. Nd4 Kg5 77. Rf1 Kg6 1/2-1/2

[Event "9th Sunway Sitges 2022"]
[Site "Sitges ESP"]
[Date "2022.12.20"]
[Round "8.97"]
[White "Sperat Czar, Nicolas"]
[Black "Webb, Laurence E"]
[Result "1/2-1/2"]
[BlackTitle "FM"]
[WhiteElo "2047"]
[BlackElo "2201"]
[WhiteFideId "551007827"]
[BlackFideId "402389"]
[EventDate "2022.12.12"]

1. d4 Nf6 2. c4 e6 3. Nf3 Bb4+ 4. Nbd2 O-O 5. a3 Be7 6. e4 d6 7. Be2 Nbd7 8. Qc2
e5 9. Nb1 a5 10. Nc3 exd4 11. Nxd4 Nc5 12. f3 g6 13. Bh6 Re8 14. O-O-O Bd7 15.
Kb1 c6 16. g4 Qb6 17. h4 a4 18. h5 Nb3 19. Nxa4 Rxa4 20. Qxb3 Qxb3 21. Nxb3 Be6
22. hxg6 hxg6 23. Rc1 c5 24. Bg5 Nd7 25. Bxe7 Rxe7 26. Rhd1 Ra6 27. g5 Kg7 28.
Rd2 f6 29. gxf6+ Kxf6 30. Rcd1 Ke5 31. Nc1 g5 32. Nd3+ Kf6 33. Nf2 Ke5 34. Nd3+
Kf6 35. Ne1 Ke5 36. Kc2 Rh7 37. Nd3+ Kf6 38. Nf2 Ke5 39. Rg1 Kf6 40. Kc3 Ne5 41.
Rh1 Rxh1 42. Nxh1 Ra8 43. Rxd6 Rh8 44. Ng3 Rh3 45. Nf5 g4 46. Kd2 gxf3 47. Bf1
Rh2+ 48. Ke3 Rxb2 49. Ng7 Rb3+ 50. Kf4 Ng6+ 51. Kg3 Kxg7 52. Rxe6 Kf7 53. Rd6
Ne5 54. Rd5 Kf6 55. Rxc5 Rxa3 56. Rb5 Ra1 57. Rb6+ Kg5 58. Rb5 Kf6 59. Rb6+ Kg5
60. Rb5 1/2-1/2

[Event "9th Sunway Sitges 2022"]
[Site "Sitges ESP"]
[Date "2022.12.20"]
[Round "8.98"]
[White "Assylov, Miras"]
[Black "Ribera Veganzones, Serni"]
[Result "1/2-1/2"]
[BlackTitle "CM"]
[WhiteElo "2044"]
[BlackElo "2199"]
[WhiteFideId "13728873"]
[BlackFideId "6900860"]
[EventDate "2022.12.12"]

1. e4 c6 2. d4 d5 3. Nc3 dxe4 4. Nxe4 Nf6 5. Nxf6+ exf6 6. c3 Bd6 7. Bd3 O-O 8.
Qc2 Re8+ 9. Ne2 h6 10. Be3 Be6 11. c4 Na6 12. a3 Nc7 13. O-O Qd7 14. Nf4 Rac8
15. Nh5 Bg4 16. Ng3 Bxg3 17. hxg3 Ne6 18. Bh7+ Kh8 19. Bf5 Bxf5 20. Qxf5 Rcd8
21. Rfd1 a6 22. Rd3 Ng5 23. Qxd7 Rxd7 24. a4 f5 25. a5 Ne4 26. Rad1 g5 27. d5
cxd5 28. Rxd5 Rxd5 29. Rxd5 Kg8 30. Kh2 Nf6 31. Rxf5 Ng4+ 32. Kh3 Nxe3 33. fxe3
Rxe3 34. Rf6 Kg7 35. Rb6 Re7 1/2-1/2

[Event "9th Sunway Sitges 2022"]
[Site "Sitges ESP"]
[Date "2022.12.20"]
[Round "8.99"]
[White "Le Pen, Steven"]
[Black "Gasic Merino, Franco"]
[Result "1-0"]
[WhiteElo "2038"]
[BlackElo "2195"]
[WhiteFideId "612197"]
[BlackFideId "3414370"]
[EventDate "2022.12.12"]

1. e4 c5 2. Nf3 d6 3. d4 cxd4 4. Nxd4 Nf6 5. Nc3 a6 6. Be3 e5 7. Nb3 Be7 8. f3
Be6 9. Qd2 h5 10. Nd5 Nxd5 11. exd5 Bf5 12. Be2 a5 13. a4 Nd7 14. O-O O-O 15.
Bb5 Nf6 16. c4 Bd7 17. Qf2 Bxb5 18. axb5 a4 19. Nd2 Nd7 20. Ra3 f5 21. f4 exf4
22. Bxf4 Ne5 23. c5 Ng4 24. Qe2 dxc5 25. Qe6+ Kh8 26. h3 Rf6 27. Qe2 Nh6 28. Rd3
Nf7 29. Nc4 g6 30. d6 Bf8 31. Rfd1 Bg7 32. d7 Qg8 33. Bc7 Nd8 34. Nb6 Rb8 35.
Bxb8 Rxb6 36. Rd6 Rxd6 37. Rxd6 Bf8 38. Rd1 c4 39. Qe8 Kh7 40. Bc7 c3 41. bxc3
Qb3 42. Re1 Bc5+ 43. Kh1 Nf7 44. Qxf7+ Qxf7 45. d8=Q a3 46. Bd6 Bxd6 47. Qxd6 a2
48. Qe7 Kg8 49. Qxf7+ 1-0

[Event "9th Sunway Sitges 2022"]
[Site "Sitges ESP"]
[Date "2022.12.20"]
[Round "8.100"]
[White "Patil, Harshal"]
[Black "Joel Paul Ganta"]
[Result "1-0"]
[WhiteElo "1928"]
[BlackElo "2183"]
[WhiteFideId "45036756"]
[BlackFideId "35066145"]
[EventDate "2022.12.12"]

1. d4 Nf6 2. Bg5 Ne4 3. Bf4 d5 4. e3 c5 5. f3 Nf6 6. Nc3 a6 7. dxc5 Nc6 8. Qd2
e5 9. Bg5 Be6 10. Na4 Qc7 11. g3 Nd7 12. e4 dxe4 13. Be3 Nf6 14. c3 Qa5 15. Qc2
Nd5 16. Bc1 Bxc5 17. Nxc5 Qxc5 18. fxe4 Ncb4 19. Qe2 Rd8 20. Be3 Nc2+ 21. Qxc2
Qxe3+ 22. Qe2 Qb6 23. Bh3 O-O 24. Bxe6 fxe6 25. exd5 1-0

[Event "9th Sunway Sitges 2022"]
[Site "Sitges ESP"]
[Date "2022.12.20"]
[Round "8.101"]
[White "Wong, Zhenyong Jayden"]
[Black "Schmuck, Corentin"]
[Result "1-0"]
[WhiteTitle "CM"]
[WhiteElo "2181"]
[BlackElo "2040"]
[WhiteFideId "5821975"]
[BlackFideId "20669569"]
[EventDate "2022.12.12"]

1. d4 d5 2. c4 dxc4 3. Nf3 Nf6 4. e3 a6 5. Bxc4 b5 6. Be2 e6 7. O-O Bb7 8. a4 b4
9. b3 Nbd7 10. Bb2 c5 11. Nbd2 Be7 12. Rc1 O-O 13. Nc4 Rc8 14. Nfe5 cxd4 15.
Nxd7 Nxd7 16. Qxd4 Bf6 17. Qd2 Bxb2 18. Qxb2 Qg5 19. f3 Rfd8 20. Rfd1 h5 21. e4
Nb6 22. Qe5 Qxe5 23. Nxe5 Rxd1+ 24. Rxd1 Rc7 25. a5 Nc8 26. Rd8+ Kh7 27. Rd4 f6
28. Nd3 Rc2 29. Kf1 Ra2 30. Rd7 Ba8 31. Rd8 Rc2 32. Nxb4 Rc1+ 33. Kf2 Bb7 34.
Rd7 1-0

[Event "9th Sunway Sitges 2022"]
[Site "Sitges ESP"]
[Date "2022.12.20"]
[Round "8.102"]
[White "Levi, Netanel"]
[Black "Boixader Arbo, Xavier"]
[Result "1-0"]
[WhiteElo "2179"]
[BlackElo "2039"]
[WhiteFideId "2815400"]
[BlackFideId "32067305"]
[EventDate "2022.12.12"]

1. e4 e6 2. d4 d5 3. Nd2 c5 4. Ngf3 cxd4 5. Nxd4 Nc6 6. Bb5 Bd7 7. Nxc6 bxc6 8.
Bd3 Bd6 9. Qe2 Qc7 10. Nf3 e5 11. exd5 cxd5 12. Nxe5 Bxe5 13. f4 f6 14. fxe5
Qxe5 15. Bf4 Qxe2+ 16. Bxe2 Ne7 17. O-O-O Ng6 18. Bg3 Be6 19. Bf3 Rd8 20. Rhe1
Kf7 21. Rd4 Ne7 22. Ra4 Rd7 23. Ra6 Bf5 24. Bd6 Rc8 25. Rxe7+ Rxe7 26. Bxd5+ Ke8
27. Bxe7 Rxc2+ 28. Kd1 Kxe7 29. Rxa7+ Kd6 30. Bf3 Rxb2 31. a4 Ra2 32. a5 Bd3 33.
h4 g5 34. h5 Kc5 35. Rd7 Bc4 36. Rxh7 Rxa5 37. Rd7 Ra1+ 38. Kd2 Be6 39. Rd8 g4
40. Bb7 Rh1 41. Rf8 Rxh5 42. Rxf6 Re5 43. Rf4 Bd5 44. Bxd5 Rxd5+ 45. Ke3 Rg5 46.
Ra4 Kd6 47. Kf4 Rg8 48. Re4 Kd5 49. Re5+ Kd6 50. g3 Ra8 51. Re4 Kd5 52. Re1 Rg8
53. Kf5 Kd6 54. Re4 Kd7 55. Kf6 Rf8+ 56. Kg7 Rf3 57. Rxg4 Ke6 58. Rg6+ Ke7 59.
g4 Rf7+ 60. Kh6 Kf8 61. g5 Rf1 62. Ra6 Rg1 63. Ra8+ Kf7 64. g6+ Kf6 65. Rf8+ Ke7
66. Rf2 Rh1+ 67. Kg7 Rh6 68. Re2+ Kd7 69. Kg8 Rh3 70. g7 Rh1 71. Re4 Rh2 72. Kf7
Rf2+ 73. Kg6 Rg2+ 74. Kf6 Kd8 1-0

[Event "9th Sunway Sitges 2022"]
[Site "Sitges ESP"]
[Date "2022.12.20"]
[Round "8.103"]
[White "Stanetzek, Carsten"]
[Black "Comellas Blanchart, Jordi"]
[Result "1/2-1/2"]
[WhiteElo "2172"]
[BlackElo "2034"]
[WhiteFideId "4616634"]
[BlackFideId "2291096"]
[EventDate "2022.12.12"]

1. e4 c5 2. Nf3 d6 3. Bb5+ Bd7 4. Bxd7+ Nxd7 5. O-O Ngf6 6. Qe2 e6 7. c4 Be7 8.
b3 O-O 9. d4 cxd4 10. Nxd4 Qb6 11. Be3 Qa5 12. Nd2 Nc5 13. f3 a6 14. Kh1 Rfe8
15. g4 Bf8 16. Rfd1 g6 17. Nf1 Bg7 18. Rab1 Qc7 19. Rbc1 Rac8 20. Qf2 Qe7 21.
Qh4 Qf8 22. Rc2 Nfd7 23. Rcd2 Ne5 24. Ng3 Nc6 25. f4 Nxd4 26. Bxd4 Bxd4 27. Rxd4
e5 28. fxe5 Rxe5 29. Rxd6 Nxe4 30. Nxe4 Rxe4 31. Rd8 Rxd8 32. Qxd8 Re1+ 33. Kg2
Rxd1 34. Qxd1 Qe7 35. Qf3 a5 36. h3 b6 37. Kf2 Qe5 38. a4 Kg7 39. Kg2 Qb2+ 40.
Kg3 Qe5+ 41. Kg2 Qb2+ 42. Kg3 Qe5+ 1/2-1/2

[Event "9th Sunway Sitges 2022"]
[Site "Sitges ESP"]
[Date "2022.12.20"]
[Round "8.104"]
[White "Follana Albelda, Lucia"]
[Black "Baert, Andy"]
[Result "1/2-1/2"]
[BlackTitle "FM"]
[WhiteElo "1938"]
[BlackElo "2156"]
[WhiteFideId "24516937"]
[BlackFideId "200107"]
[EventDate "2022.12.12"]

1. e4 c5 2. Nf3 d6 3. d4 cxd4 4. Nxd4 Nf6 5. Nc3 a6 6. f3 e5 7. Nb3 Be6 8. Be3
Be7 9. Qd2 O-O 10. O-O-O Nbd7 11. g4 b5 12. g5 b4 13. Ne2 Ne8 14. f4 a5 15. f5
a4 16. fxe6 axb3 17. cxb3 fxe6 18. Bh3 Rxa2 19. Bxe6+ Kh8 20. Ng3 Nc7 21. Bc4
Qa8 22. Rhf1 Rxf1 23. Rxf1 Ra1+ 24. Kc2 Rxf1 25. Bxf1 d5 26. exd5 Nxd5 27. Kb1
Nxe3 28. Qxe3 Qd5 29. Bc4 Bc5 30. Qe2 Qc6 31. Bb5 Qc7 32. Qc2 Nb6 33. Qe4 Qe7
34. Qc6 g6 35. Ne4 Bd4 36. Nf6 Kg7 37. h4 Qf7 38. Ne8+ Kg8 39. Nf6+ Kg7 1/2-1/2

[Event "9th Sunway Sitges 2022"]
[Site "Sitges ESP"]
[Date "2022.12.20"]
[Round "8.105"]
[White "Morais, Miguel Almeida"]
[Black "Wecker, Martin"]
[Result "1/2-1/2"]
[WhiteElo "1844"]
[BlackElo "2150"]
[WhiteFideId "1960687"]
[BlackFideId "12931462"]
[EventDate "2022.12.12"]

1. d4 Nf6 2. c4 e6 3. Nc3 Bb4 4. f3 c5 5. d5 d6 6. e4 b5 7. Ne2 bxc4 8. Ng3 exd5
9. exd5 O-O 10. Bxc4 Nbd7 11. O-O Nb6 12. Qd3 Nxc4 13. Qxc4 Qb6 14. Rd1 Ba6 15.
Qf4 Bxc3 16. bxc3 Rfe8 17. Nf5 Re5 18. Qg5 Ne8 19. Bf4 f6 20. Qg4 c4+ 21. Kf1
Qc7 22. Rab1 Bc8 23. Bxe5 fxe5 24. Qg5 Nf6 25. Ng3 Bb7 26. Ne4 Rf8 27. Nxf6+
Rxf6 28. Qe3 Bc8 29. Kg1 Bf5 30. Rb4 Rf8 31. Rd2 Rb8 32. Rdb2 Rxb4 33. Rxb4 Bd3
34. h3 h6 35. Qf2 Kh7 36. Kh1 Qa5 37. Kh2 Qxd5 38. Qxa7 e4 39. Qd4 Qg5 40. fxe4 1/2-1/2

[Event "9th Sunway Sitges 2022"]
[Site "Sitges ESP"]
[Date "2022.12.20"]
[Round "8.106"]
[White "Nesse, David"]
[Black "Saya, Ethan"]
[Result "1-0"]
[BlackTitle "FM"]
[WhiteElo "1809"]
[BlackElo "2138"]
[WhiteFideId "1519875"]
[BlackFideId "26095181"]
[EventDate "2022.12.12"]

1. e4 e6 2. d4 d5 3. Nd2 c5 4. Ngf3 cxd4 5. exd5 Qxd5 6. Bc4 Qd7 7. O-O Nf6 8.
Nb3 Nc6 9. Qe2 a6 10. a4 Bd6 11. Rd1 O-O 12. Nbxd4 e5 13. Nxc6 Qxc6 14. h3 Bc7
15. Ra3 e4 16. Ng5 Qe8 17. f3 Bf5 18. Kh1 exf3 19. Qxf3 Bxc2 20. Rf1 Be4 21.
Nxe4 Qxe4 22. Qxe4 Nxe4 23. Bf4 Bxf4 24. Rxf4 Nd6 25. Rb3 Rac8 26. Be2 g6 27.
Rf6 Nf5 28. Kh2 Rc7 29. Rb4 a5 30. Rc4 Re7 31. Bf3 Rb8 32. Rc5 Re1 33. Rxa5 Rc8
34. Bg4 Rc2 35. Bxf5 gxf5 36. Raxf5 Re7 37. a5 Ree2 38. Rg5+ Kf8 39. b4 Rc7 40.
Rh6 Rb2 41. b5 Ra2 42. b6 Rc1 43. Rxh7 Rf1 44. Rh8+ Ke7 45. Rb8 Kf6 46. Rb5 Rff2
47. Rg8 Ra1 48. Rg3 Rff1 49. Rf3+ Rxf3 50. gxf3 Kg6 51. Kg3 Ra4 52. Kf2 f5 53.
Kg3 Kf6 54. h4 Kg6 55. Rc5 Kf6 56. h5 Kg5 57. h6 Kxh6 58. Rxf5 Kg6 59. Rc5 Kf6
60. Kf2 Ra3 61. Ke2 Ke6 62. f4 Kd6 63. Rb5 Kc6 64. Rh5 Kd6 65. Kd2 Kc6 66. Kc2
Ra4 67. Rf5 Ra3 68. Kb2 Ra4 69. Kb3 Ra1 70. Kc4 Ra4+ 71. Kd3 Ra3+ 72. Ke4 Kd6
73. Re5 Ra1 74. Kf5 Rf1 75. Kg5 Rg1+ 76. Kf6 Rf1 77. f5 Rf2 78. Re7 Rxf5+ 79.
Kxf5 Kxe7 80. a6 1-0

[Event "9th Sunway Sitges 2022"]
[Site "Sitges ESP"]
[Date "2022.12.20"]
[Round "8.107"]
[White "Krassel, Timofei"]
[Black "Fanninger, Leon"]
[Result "0-1"]
[WhiteElo "1787"]
[BlackElo "2136"]
[WhiteFideId "55733948"]
[BlackFideId "1649400"]
[EventDate "2022.12.12"]

1. d4 g6 2. e4 d6 3. Nc3 Nf6 4. f3 Bg7 5. g4 h5 6. g5 Nfd7 7. h4 c5 8. Be3 Nc6
9. Nce2 Qb6 10. d5 Nd4 11. c3 Nxe2 12. Qxe2 Ne5 13. O-O-O Bd7 14. Nh3 Qa5 15.
Kb1 Nxf3 16. Nf4 Ne5 17. Bh3 Bb5 18. Qf2 Bc4 19. a3 b5 20. Kc2 Qa4+ 21. Kd2 Bb3
22. Ke1 Qxe4 23. Bg2 Qxe3+ 24. Qxe3 Nc4 25. Ke2 Nxe3 26. Kxe3 O-O 27. Be4 a5 28.
Kd2 a4 29. Nd3 Rae8 30. Nf4 Rc8 31. Rhe1 b4 32. Bf3 bxc3+ 33. bxc3 Rfe8 34. Kd3
Be5 35. Re4 Rb8 36. Ne2 Bxd5 0-1